01280cam a22003015a 450000500170000000800410001702000180005804000180007608200170009410000280011124500870013925000400022626000380026630000750030450000240037950000270040350400310043050500910046159000100055265000220056265100100058465300220059469000270061694200080064399900170065195201550066895201550082320161025102057.0161019t2013 nyuab frbd 001 0 eng d a9780071318549 bENGdEG-ScBUE04a306bKOT2221 aKottak, Conrad Phillip.10aCultural anthropology :bappreciating cultural diversity /cConrad Phillip Kottak. a15th ed., International student ed. aNew York :bMcgraw hill,cc.2013. axxv, 417 p. :bill. (black and white, and col.), maps (col.) ;c27 cm. aIndex : p. 403-417. aGlossary : p. 373-379. aBibliography : p. 380-400.0 aIntroduction to anthropology -- Appreciating cultural diversity -- The changing world. aShima 7aEthnology.2BUEsh 2BUEsh bNNURcOctober20167 aSocial Welfare2blcoll 2ddc c22703d22675 00102ddc40708AcademicaMAINbMAINc1STd2016-10-19ePurchaseg280.00h9116l6m21o306 KOTp000045165r2025-07-15 00:00:00s2020-02-12v350.00yBB 00102ddc40708AcademicaMAINbMAINc1STd2016-10-25ePurchaseg280.00h9116l5m52o306 KOTp000045172r2025-07-15 00:00:00s2018-03-13v350.00yBB